Città sopra o sotto l'Equatore? - Quiz n°5 - Statistics

Statistiche generali
  • Questo quiz è stato fatto 9 volte
  • Il punteggio medio è 7 su 10
Statistiche sulle risposte
Hint Risposta % Corretto
Nuova Delhi Nord dell'Equatore
100%
Canberra Sud dell'Equatore
100%
Panama Nord dell'Equatore
89%
Sucre Sud dell'Equatore
89%
Accra Nord dell'Equatore
78%
Addis Abeba Nord dell'Equatore
78%
Caracas Nord dell'Equatore
67%
Singapore Nord dell'Equatore
67%
Bujumbura Sud dell'Equatore
56%
Phnom Penh Sud dell'Equatore
22%
Nessun quiz corrispondente trovato
Distribuzione punteggi
Percentuale di utenti per punteggio
Percentile per numero di risposta
I tuoi punteggi nel tempo
Non hai fatto questo quiz